[Event "Wch U16 Girls"]
[Site "Kemer"]
[Date "2007.11.19"]
[Round "2"]
[White "Karaca, Alper Tunga"]
[Black "Officer, Amy"]
[Result "0-1"]
[WhiteElo "2130"]
[BlackElo "1816"]
[PlyCount "60"]
[EventDate "2007.11.18"]
[EventType "swiss"]
[EventRounds "11"]
[EventCountry "TUR"]
[SourceTitle "CBM 121 Extra"]
[Source "ChessBase"]
[SourceDate "2008.01.10"]
[SourceVersion "1"]
[SourceVersionDate "2008.01.10"]
[SourceQuality "1"]

1. e4 c5 2. Nc3 a6 3. Nf3 b5 4. a3 Bb7 5. b4 cxb4 6. axb4 e6 7. d4 Bxb4 8. Bd2 Bxc3 9. Bxc3 Bxe4 10. Bd3 Bxd3 11. Qxd3 d5 12. 0-0 Nf6 13. Ne5 0-0 14. Rfe1 Ne4 15. Bd2 Nd7 16. Nc6 Qc7 17. Nb4 a5 18. f3 Nxd2 19. Qxd2 axb4 20. Qxb4 Qc4 21. c3 Nb6 22. Qxc4 bxc4 23. Rxa8 Rxa8 24. Rb1 Ra6 25. Kf1 Kf8 26. Ke2 Ra2+ 27. Ke3 Na4 28. Kf4 Nxc3 29. Rb8+ Ke7 30. Rb7+ Kf6 0-1